000 00483cam a2200193 4500
001 D8959
008 090401t1972 xxu||||| |||| 00| 0 eng d
035 _a(Sirsi) u94781
041 _aeng
050 _a692.5
100 _aSpringett, D.E.
245 4 _aThe estimating team; some aspects of its work
260 _aAscot
_bInstitute of Building
_c1972
300 _a19p. 30cm
350 _a0
490 _aEstimating Information Service
_v6
942 _n0
948 _c04/03/1997
999 _c98186
_d98186